000 00280nam a2200133Ia 4500
100 _aJawadekar/Waman S
942 _cBK
654 _asoftware
245 _aSoftware Engineering
260 _bTata Mc Graw hill
_c2004
082 _a5.1
_bJAW
300 _a844
546 _aENGLISH
999 _c30552
_d30552